Manual del cafetero colombiano : (Registro nro. 15449)
[ vista simple ]
| 000 -LEADER | |
|---|---|
| fixed length control field | 01153nam a22002297a 4500 |
| 003 - CONTROL NUMBER IDENTIFIER | |
| control field | OSt |
| 005 - DATE AND TIME OF LATEST TRANSACTION | |
| control field | 20210319161059.0 |
| 008 - FIXED-LENGTH DATA ELEMENTS--GENERAL INFORMATION | |
| fixed length control field | 210319s2013 ck abdogr|||| 00| 0 spa d |
| 020 ## - INTERNATIONAL STANDARD BOOK NUMBER | |
| International Standard Book Number | 9789588490144 |
| 040 ## - CATALOGING SOURCE | |
| Original cataloging agency | CO-JMCR |
| Transcribing agency | CO-JMCR |
| 041 0# - LANGUAGE CODE | |
| Language code of text/sound track or separate title | spa |
| 082 04 - DEWEY DECIMAL CLASSIFICATION NUMBER | |
| Classification number | 633.73 / |
| Item number | F293m |
| Edition number | 23 |
| 110 2# - MAIN ENTRY--CORPORATE NAME | |
| Corporate name or jurisdiction name as entry element | Federación Nacional de Cafeteros de Colombia |
| 9 (RLIN) | 36376 |
| 245 ## - TITLE STATEMENT | |
| Title | Manual del cafetero colombiano : |
| Remainder of title | investigación y tecnología para la sostenibilidad de las caficultura / |
| Statement of responsibility, etc. | Federación Nacional de Cafeteros de Colombia, Cenicafé |
| 260 ## - PUBLICATION, DISTRIBUTION, ETC. | |
| Place of publication, distribution, etc. | [Bogotá] : |
| Name of publisher, distributor, etc. | Cenicafé, |
| Date of publication, distribution, etc. | 2013 |
| 300 ## - PHYSICAL DESCRIPTION | |
| Extent | 3 volúmenes : |
| Other physical details | ilustraciones, mapas, graficas y fotografías a color ; |
| Dimensions | 28 cm. |
| 505 ## - FORMATTED CONTENTS NOTE | |
| Miscellaneous information | v.1 / |
| Title | Generalidades. -- El cafetero. -- Aspectos agroecológicos. -- |
| Miscellaneous information | v.2 / |
| Title | Germinadores y almácigos. -- Establecimiento del cultivo. -- Cosecha. |
| Miscellaneous information | v.3 / |
| Title | Postcosecha y subproductos del Café. -- Recursos naturales. -- Otros retos de la caficultura. -- Café con criterios de sostenibilidad. |
| 650 ## - SUBJECT ADDED ENTRY--TOPICAL TERM | |
| Topical term or geographic name entry element | Café |
| General subdivision | Cultivo |
| Geographic subdivision | Colombia |
| 9 (RLIN) | 36377 |
| 650 24 - SUBJECT ADDED ENTRY--TOPICAL TERM | |
| Topical term or geographic name entry element | Café |
| General subdivision | Producción |
| Geographic subdivision | Colombia |
| 9 (RLIN) | 12072 |
| 710 1# - ADDED ENTRY--CORPORATE NAME | |
| Corporate name or jurisdiction name as entry element | Cenicafé |
| Relator term | autor |
| 9 (RLIN) | 36378 |
| 942 ## - ADDED ENTRY ELEMENTS (KOHA) | |
| Source of classification or shelving scheme | Dewey Decimal Classification |
| Koha item type | Books |
| Withdrawn status | Lost status | Source of classification or shelving scheme | Damaged status | Not for loan | Home library | Current library | Shelving location | Date acquired | Source of acquisition | Total Checkouts | Total Renewals | Full call number | Barcode | Date last seen | Date last checked out | Copy number | Price effective from | Koha item type |
|---|---|---|---|---|---|---|---|---|---|---|---|---|---|---|---|---|---|---|
| Dewey Decimal Classification | Biblioteca Pública José María del Castillo y Rada | Biblioteca Pública José María del Castillo y Rada | General Stacks | Donación | 2 | 2 | 633.73 / F293m | 201810950 | 05/16/2024 | 04/26/2024 | v.1 / Ej.1 | Books | ||||||
| Dewey Decimal Classification | Biblioteca Pública José María del Castillo y Rada | Biblioteca Pública José María del Castillo y Rada | General Stacks | Donación | 633.73 / F293m | 201810949 | 05/16/2024 | v.2 / Ej.1 | Books | |||||||||
| Dewey Decimal Classification | Biblioteca Pública José María del Castillo y Rada | Biblioteca Pública José María del Castillo y Rada | General Stacks | Donación | 1 | 633.73 / F293m | 201810948 | 04/01/2025 | 03/31/2025 | v.3 / Ej.1 | Books |